| 000 | 01043nam a22003137a 4500 | ||
|---|---|---|---|
| 001 | BR0001116 | ||
| 003 | BR-BrBNA | ||
| 005 | 20230928100558.0 | ||
| 007 | ta | ||
| 008 | 230509b bl.||||| |||| 00| 0 por d | ||
| 040 |
_aBR-BrBNA _bpor _cBiblioteca Nacional de Agricultura |
||
| 041 | _a(Por) | ||
| 072 |
_aL51; U10 _b5300 _b3730 |
||
| 090 | _ 5300 BR0001116 | ||
| 100 | 1 | _aLudke, J.V. | |
| 110 | 1 |
_aUniversidade Federal do Rio Grande do Sul, Porto Alegre (Brasil). Faculdade de Agronomia _0Tese (Doutor em Zootecnia) |
|
| 245 | 1 | _aEstimativas de exigencias de lisina digestivel para suinos em crescimento usando diferentes modelos matematicos | |
| 260 | 3 |
_aPorto Alegre, RS (Brasil): _c1999. |
|
| 300 | _a164 p. | ||
| 500 | _aSummaries (Eng, Por); Bibliography p. 122-136; 18 illus.; 48 tables | ||
| 650 | _aSuino | ||
| 650 | _aLisina | ||
| 650 | _aExigencia Nutricional | ||
| 650 | _aCrescimento | ||
| 650 | _aModelo Matematico | ||
| 650 | _aFisiologia Nutricional | ||
| 909 |
_a202309 _bLucia _c55 _dLucia Elande |
||
| 942 | _cBK | ||
| 999 |
_c61895 _d61895 |
||